Yếu tố thần kỳ trong truyền thuyết và truyện cổ tích người Việt ở Nam Trung Bộ
Gorde:
| Egile nagusia: | |
|---|---|
| Formatua: | Liburua |
| Hizkuntza: | Undetermined |
| Argitaratua: |
Hà Nội
Khoa học - Xã hội
2010
|
| Gaiak: | |
| Etiketak: |
Etiketa erantsi
Etiketarik gabe, Izan zaitez lehena erregistro honi etiketa jartzen!
|
| Thư viện lưu trữ: | Trung tâm Học liệu Trường Đại học Cần Thơ |
|---|
| LEADER | 00646nam a2200181Ia 4500 | ||
|---|---|---|---|
| 001 | CTU_164037 | ||
| 008 | 210402s9999 xx 000 0 und d | ||
| 082 | |a 398.209597 | ||
| 082 | |b Đ312 | ||
| 100 | |a Nguyễn, Định | ||
| 245 | 0 | |a Yếu tố thần kỳ trong truyền thuyết và truyện cổ tích người Việt ở Nam Trung Bộ | |
| 245 | 0 | |c Nguyễn Định | |
| 260 | |a Hà Nội | ||
| 260 | |b Khoa học - Xã hội | ||
| 260 | |c 2010 | ||
| 650 | |a Folk literature, vietnamese,Văn học dân gian Việt Nam | ||
| 904 | |i Qhieu | ||
| 980 | |a Trung tâm Học liệu Trường Đại học Cần Thơ | ||